Scientists behind the inventors
Αποθηκεύτηκε σε:
| Κύριος συγγραφέας: | |
|---|---|
| Μορφή: | Βιβλίο |
| Γλώσσα: | English |
| Δημοσίευση: |
New York :
Harcourt, Brace & Co.,
1960
|
| Θέματα: | |
| Ετικέτες: |
Προσθήκη ετικέτας
Δεν υπάρχουν, Καταχωρήστε ετικέτα πρώτοι!
|
MARC
| LEADER | 00000cam a2200000 i 4500 | ||
|---|---|---|---|
| 001 | 1/53428 | ||
| 008 | 040421s1960 eng d | ||
| 035 | |l 10073096 | ||
| 040 | |a GR-MY-UA |b gre |e aacr | ||
| 041 | 0 | |a eng | |
| 082 | 0 | |a 509 | |
| 100 | 1 | |a Burlingame, Roger |d 1889-1967. | |
| 245 | 1 | 0 | |a Scientists behind the inventors / |c Roger Burlingame |
| 260 | |a New York : |b Harcourt, Brace & Co., |c 1960 | ||
| 300 | |a 192 p. | ||
| 650 | 0 | 0 | |a Science |x History. |
| 852 | |a INST |b RHODES |c AKA |e 20040421 |h 509 BUR |p 005400019262 |q 005400019262 |t BK |y 0 | ||
| 901 | |a BIBL4-2004-1 | ||
| 909 | |a Ρ |b 109262 | ||
| 970 | |a ΚΟΥΛΑΚΙΟΤΗ |b ΛΙΤΣΑ |z 2004/04/21 | ||